| 000 | 01087nas a2200301 4500 | ||
|---|---|---|---|
| 001 | BR2013003928 | ||
| 003 | BR-BrBNA | ||
| 005 | 20231205122409.0 | ||
| 007 | ta | ||
| 008 | 230509b bl.|||p| |||| 00| 00por d | ||
| 040 |
_aBR-BrBNA _bpor _cBiblioteca Nacional de Agricultura |
||
| 041 | _a(En) | ||
| 072 | _aL73 | ||
| 100 | 1 | _aSousa, E. | |
| 100 | 1 | _aWerther, K. | |
| 100 | 1 | _aBerchieri Júnior, A. | |
| 100 | 1 | _a | |
| 100 | 1 | _a | |
| 245 | 1 | _aAssessment of Newcastle and infectious bronchitis pathogens, and Salmonella spp. in wild birds captured near poultry facilities | |
| 246 | 1 | _aAssessment of Newcastle and infectious bronchitis pathogens, and Salmonella spp. in wild birds captured near poultry facilities | |
| 650 | _aGALINHA | ||
| 650 | _aDOENÇA ANIMAL | ||
| 650 | _aBACTÉRIA | ||
| 773 | 0 |
_tArquivo Brasileiro de Medicina Veterinária e Zootecnia (Brazil) _xISSN 0102-0935 _g(Feb 2010), v. 62(1) p. 219-223 _wBR2013003928 |
|
| 856 | 4 | 0 | _uhttp://www.scielo.br/pdf/abmvz/v62n1/v62n1a31.pdf |
| 909 |
_a202311 _bLúcia _c55 _dLúcia Elande |
||
| 942 |
_2AGRIS _n0 _cANA |
||
| 999 |
_c228437 _d228437 |
||